| 000 | 00789nam a2200217 a 4500 | ||
|---|---|---|---|
| 005 | 20250307063808.0 | ||
| 008 | 991125m19962005es 000 0 spa u | ||
| 020 | _a8474325331 | ||
| 035 | _aUPN01000006628 | ||
| 049 | _aCG | ||
| 050 | 4 |
_aBF455 W8 _bC3.6 |
|
| 245 | 0 | 0 |
_aCaperucita Roja aprende a escribir : _bestudios psicolingüísticos comparativos en tres lenguas / _cpor Emilia Ferreiro ... [et. al.]. |
| 260 |
_aBarcelona, Esp. : _bGedisa, _c1996 (2005 impr.). |
||
| 300 |
_a269 p. : _bil. + _e1 disquete 3.5 plg. |
||
| 440 | 0 |
_aLenguaje, escritura, alfabetización ; _v10 |
|
| 500 | _aEl disquete solicítalo en "Documentación" | ||
| 650 | 4 |
_aLenguaje y lenguas _93837 |
|
| 650 | 7 |
_aPsicolingüística _2 _9109 |
|
| 700 | 1 |
_aFerreiro, Emilia, _d1937- _ecoaut. _930158 |
|
| 905 | _aLibro | ||
| 999 |
_c6628 _d6628 |
||